| 000 | 00872nam a2200241 i 4500 | ||
|---|---|---|---|
| 001 | 40658 | ||
| 003 | ES-MaACL | ||
| 005 | 20230906160301.0 | ||
| 007 | t| | ||
| 008 | 030306s1856 sp ||||1| spa d | ||
| 080 | _a929 Carrera, Lorenzo | ||
| 080 | _a336.27(72) | ||
| 100 | 1 |
_aCarrera, Lorenzo. _935628 |
|
| 245 | 1 | 0 | _aVindicación documentada que el agente de la Convención española en Méjico Lorenzo Carrera presenta al juicio del público y de sus amigos. |
| 260 |
_aMadrid : _b[s.n.], _c1856 ( _fEstab. Tip. de A. Vicente) |
||
| 300 |
_a72 p. ; _c22 cm. |
||
| 500 | _aApéndice documental. | ||
| 530 | _aDisponible en formato digital. | ||
| 600 | 1 | 4 |
_aCarrera, Lorenzo. _935628 |
| 650 | 4 |
_aDeuda pública- _zMéxico. _9154039 |
|
| 852 | 4 |
_aES-MaACL _jT-105-F-3 |
|
| 856 | 4 |
_uhttp://bdh-rd.bne.es/viewer.vm?id=0000104758&page=1 _zBiblioteca Digital Hispánica |
|
| 999 |
_c40658 _d40658 |
||